00569nam a2200169Ia 4500008004100000020001800041082002100059100002300080245006100103250000600164260002400170300001100194500002700205650004300232952010700275999001700382120622s9999 xx 000 0 und d a968-432-226-7 a330.1 R196t 1982 aRangel Couto, Hugo aLa teoría económica y el derecho / Hugo Rangel Couto a4 aMéxico : Porrúa a275 p. aIncluye bibliografía a1. ECONOMIA \ 2. TEORIA DEL DERECHOÌ 00104070a01b01d2007-01-25l4o330.1 R196T 1982p01 000121r2018-12-07s2018-12-07w2012-06-24yLB c55703d55703